Normal view
MARC view
- Hendrick, George
Entry Personal Name
001 - CONTROL NUMBER
- control field: 107477
003 - CONTROL NUMBER IDENTIFIER
- control field: NUST
005 - DATE AND TIME OF LATEST TRANSACTION
- control field: 20230124092612.0
008 - FIXED-LENGTH DATA ELEMENTS
- fixed length control field: 230124|| aca||aabn | a|a d
040 ## - CATALOGING SOURCE
- Original cataloging agency: NUST
- Transcribing agency: NUST
100 ## - HEADING--PERSONAL NAME
- Personal name: Hendrick, George
670 ## - SOURCE DATA FOUND
- Source citation: Work cat.: (NUST)186677: Hendrick, George,, Katherine Anne Porter /, c1988.
